BIBLIOTHÈQUE DE LA MAISON DU MEXIQUE

Logo 1 Logo 2

Rondas de la niña mala (notice nᵒ 5372)

détails MARC
000 -Sello discográfico
campo de control de longitud fija 00938nam0a2200289 4500
005 - Identificación de versión
campo de control 20251016084449.0
010 ## - Número Estándar Internacional de Libros (ISBN)
Número (ISBN) 978-968-411-712-9
035 ## - Otros números de control del sistema
Número de control del sistema 32685
099 ## - fechas locales
Tipo de ítem Koha LIBRO
100 ## - Datos de procesamiento general
Datos de procesamiento general 20111114d2008 m y0spay5003 ba
105 ## - Campo de datos codificados: Material textual, monográfico
Datos codificados de monografía a 001zy
200 1# - Título y mención de responsabilidad
Título propio Rondas de la niña mala
Designación general del material texto impreso
Primer mención de responsabilidad Elena Poniatowska
Declaración de responsabilidad subsiguiente ilustraciones Leonora Carrington, Pablo Weisz Carrington
205 ## - Declaración de edición
Declaración de edición 1a ed
210 ## - Publicación, distribución, etc.
Lugar de publicación, distribución, etc. México
Nombre del editor, distribuidor, etc. Ediciones Era
Fecha de publicación, distribución, etc. 2008
215 ## - Descripción física
Designación de material específico y extensión del ítem 73 p
Otras características físicas il.
Dimensiones 21 cm
345 ## - Nota de información de adquisición
Fuente de adquisición/dirección de la suscripción [OBSOLETO] Donación 'Salon du Livre 2009'
410 #1 - Series
Título Bibliotec Era
Nombre de parte o sección Narrativa y poesía
700 ## - Nombre personal - Responsabilidad primaria
Elemento de entrada Poniatowska
Parte del nombre distinta del elemento de entrada Elena
Fechas 1932-
Número Koha 541
702 ## - Nombre personal - Responsabilidad secundaria
Elemento de entrada Carrington
Parte del nombre distinta del elemento de entrada Leonora
Fechas 1917-2011
Número Koha 6159
702 ## - Nombre personal - Responsabilidad secundaria
Elemento de entrada Weisz Carrington
Parte del nombre distinta del elemento de entrada Pablo
Fechas 1947-
Número Koha 10637
801 #0 - Fuente de origen
País FR
Agencia cm
Reglas de catalogación (convenciones descriptivas) AFNOR
900 ## -
-- 1/20835
942 ## - ELEMENTOS DE ENTRADA SECUNDARIOS (KOHA)
Tipo de ítem Koha Livre
996 ## -
-- MEX
-- 751145101
-- MMAG
-- 000754
-- 861.4 P797R
-- 20111114LIV
Exemplaires
Estatus retirado Estado de daño Estado de pérdida Fecha de adquisición Biblioteca de origen Biblioteca actual Ubicación en estantería Código de barras Precio de reemplazo Signatura topográfica completa No para préstamo Tipo de ítem Koha Nota pública Nota no pública
      05/08/2025 Casa México Paris Casa México Paris   000754 05/08/2025 861.4 P797R   Livre 20111114LIV 751145101